00831nam a2200193 a 450000100100000000500170001000800410002704000250006808200160009310000340010924500630014326000490020630000210025550400730027659000750034904900090042495201870043399900170062000003571820200930074545.0111109s1965 ag 000 0 spa d aDO-SdBNPbspacBNPHU axxxxbM564a1 aMerleau-Ponty, Maurice96165014aLas aventuras de la dialéctica /cMaurice Merleau-Ponty. aBuenos Aires :bEdiciones Leviatán,c1965. a259 p. ;c20 cm. aIncluye referencia bibliográficas y notas al pie de las páginas. aPerteneció a la biblioteca personal de Juan Isidro Jimenes Grullón aBNGR 001050718MOaGRbGRcCTd2011-11-09iLF1l0oxxxx M564ap35718-10r2020-06-25w2020-06-25y1zPerteneció a la biblioteca personal de Juan Isidro Jimenes GrullónZNo se presta c35209d35209